| 000 | 01375nam a2200337 i 4500 | ||
|---|---|---|---|
| 003 | EG-GICUC | ||
| 005 | 20260204173745.0 | ||
| 008 | 260107s2003 ua |||fr|||| 00| 0 ara d | ||
| 017 | _a14668/2002 | ||
| 020 | _a9770438685 | ||
| 040 |
_a EG-GICUC _bara _c EG-GICUC _d EG-GICUC _erda |
||
| 041 | 0 | _aAra | |
| 082 | 0 | 4 |
_221 _a343.3721 _bأ ب . م |
| 092 | 0 | 4 | _221 |
| 099 | _aLaw1 10 343.3721 أ ب . م 2003 | ||
| 100 | 0 |
_aأبو الوفا محمد أبو الوفا إبراهيم _eمؤلف. |
|
| 245 | 1 | 2 |
_aالمطالبة بقيمة الشيك أمام القضاء الجنائى : _bدراسة تأصيلية تحليلية فى القانون المقارن والفقه الإسلامى / _cتأليف الدكتور أبو الوفا محمد أبو الوفا إبراهيم. |
| 250 | _aالطبعة الأولى | ||
| 264 | 1 |
_aالقاهرة : _bدار النهضة العربية ، _c2003. |
|
| 300 |
_a477 صفحة؛ _c24 سم. |
||
| 336 |
_2rda content _atext |
||
| 337 |
_2rda media _aComputer |
||
| 338 |
_2rda carrier _aOnline Resource |
||
| 546 | _aالنص باللغة العربية | ||
| 650 | 1 |
_aالقضاء الجنائي العادى _2qrmak |
|
| 650 | 1 |
_aالقانون الجنائى _2qrmak |
|
| 651 | 1 | _2qrmak | |
| 856 | 4 | 0 | _uhttps://fll.law.cu.edu.eg/fulltext/bks/B10-07479.pdf |
| 905 |
_a54 _eYara |
||
| 942 |
_2ddc _cBK _e21 _n0 |
||
| 999 |
_c55129 _d55129 |
||